| 000 | 00745nam a22002177a 4500 | ||
|---|---|---|---|
| 003 | OSt | ||
| 005 | 20230113091436.0 | ||
| 008 | 230112b |||||||| |||| 00| 0 eng d | ||
| 040 | _cBiblioteca Lado V | ||
| 082 |
_a700.74 _bB351b |
||
| 100 |
_9517 _aBaur, Sergio _edirector |
||
| 245 | _a9na Bienal de la Habana/ | ||
| 260 |
_aArgentina _bMinisterio de Relaciones Exteriores _c2006 |
||
| 300 |
_a31p. _c25x19cm |
||
| 650 |
_2Tesauro de Arte & Arquitectura _aBIENAL |
||
| 650 |
_2Tesauro de Arte & Arquitectura _aARTE |
||
| 650 |
_2Tesauro de Arte & Arquitectura _aPINTURA |
||
| 650 |
_2Tesauro de Arte & Arquitectura _aFOTOGRAFIA |
||
| 650 |
_2Tesauro de Arte & Arquitectura _aDIBUJO |
||
| 942 |
_2ddc _c1 _h700.74 _iB351b _n0 |
||
| 999 |
_c2761 _d2761 |
||